000 00656nam a22002177a 4500
003 OSt
005 20160913180956.0
008 160303b xxu||||| |||| 00| 0 eng d
020 _a978-0-8400-3144-0
040 _cLIC
082 _22010
_aDC 006.68
_bB748
100 _93349
_aBotello, Chris
245 _aAdobe indesign CS4 revealed/
_cChris Botello.
260 _aAustralia:
_bDelmar Cengage Learning,
_c©2010.
300 _axxiii, [various pages]:
_bcolor illustrations;
_c19 cm.
365 _b3,250.00
_cPhp
500 _aIncludes index.
650 0 _93350
_aAdobe indesign (Computer software)
650 0 _93351
_aComputer graphics
942 _2ddc
_cDC
999 _c1181
_d1181